000 00346nam a2200133Ia 4500
008 240624s9999 xx 000 0 und d
041 _aeng
082 _a658.8 COR
100 _aCORBAE GERALD
245 _aMARKETING 2 0 STRATEGIES FOR CLOSER CUST
260 _c2003
_aLondon
_bSpringer
300 _avi, : 151 : p. : cm. ; 24
365 _cERU
_b26
999 _c20655
_d20655